000 00611nam a2200181 i 4500
001 129703
003 ES-MaACL
005 20230906193544.0
007 t|
008 070703s1955 sp ||||1| spa d
100 1 _aZoppetti Judez, Gaudencio.
_9118343
245 1 0 _aEstaciones transformadoras y de distribución
_b: su estudio, montaje... /
_cGaudencio Zoppetti Judez.
260 _aBarcelona :
_bGustavo Gili,
_c1955.
300 _a561 p. ;
_c27 cm.
500 _aEs complemento de "Redes eléctricas" del mismo autor.
650 1 4 _aCentrales eléctricas.
_910882
852 _aES-MaACL
_jC-10052
_bR.38021
999 _c129703
_d129703